[Event "20PCR_F"]
[Site "?"]
[Date "2009.??.??"]
[Round "?"]
[White "Chvojka, Jaroslav"]
[Black "Svoboda, Josef"]
[Result "1-0"]
[WhiteElo "2231"]
[BlackElo "1940"]
[PlyCount "59"]
[EventDate "2009.??.??"]
[EventType "corr"]
[EventRounds "1"]
[SourceDate "2010.08.23"]

1. d4 Nf6 2. c4 g6 3. Nc3 Bg7 4. e4 d6 5. Nf3 O-O 6. Be2 e5 7. dxe5 dxe5 8.
Qxd8 Rxd8 9. Bg5 Re8 10. Nd5 Nxd5 11. cxd5 f5 12. Rc1 fxe4 13. Nd2 h6 14. Be3
c6 15. Nxe4 Rd8 16. Bc4 Kh8 17. Rd1 b5 18. Bb3 Bf5 19. f3 a5 20. g4 Bxe4 21.
fxe4 a4 22. Bc2 cxd5 23. exd5 Rd6 24. Bc5 Rf6 25. Be7 Rf4 26. Bxg6 Rxg4 27. Bf5
Rf4 28. Rf1 Rd4 29. d6 b4 30. Rc1 1-0

[Event "20PCR_F"]
[Site "?"]
[Date "2009.??.??"]
[Round "?"]
[White "Trs, Jan"]
[Black "Goc, Pavel"]
[Result "1-0"]
[WhiteElo "2162"]
[BlackElo "2012"]
[PlyCount "93"]
[EventDate "2009.??.??"]
[EventType "corr"]
[EventRounds "1"]
[SourceDate "2010.08.23"]

1. d4 Nf6 2. c4 e6 3. Nf3 b6 4. g3 Bb7 5. Bg2 Be7 6. O-O O-O 7. Nc3 Ne4 8. Qc2
Nxc3 9. Qxc3 c5 10. Rd1 d6 11. b3 Bf6 12. Bb2 Qc7 13. Qc2 Nd7 14. e4 Rac8 15.
Qe2 d5 16. cxd5 exd5 17. e5 Be7 18. Rac1 Qd8 19. e6 fxe6 20. Qxe6+ Kh8 21. Re1
Bf6 22. Ne5 Nxe5 23. dxe5 Be7 24. Qg4 Rc7 25. e6 Bf6 26. Be5 Bxe5 27. Rxe5 Qf6
28. f4 d4 29. Bxb7 Rxb7 30. b4 d3 31. Rc3 Qd8 32. Re3 Qe7 33. Rcxd3 c4 34. Rd4
Rc7 35. Qe2 b5 36. a3 c3 37. Qc2 Rfc8 38. f5 a6 39. Red3 a5 40. Rd7 Rxd7 41.
Rxd7 Qf8 42. bxa5 Qxa3 43. f6 Qc5+ 44. Qf2 Qxf2+ 45. Kxf2 gxf6 46. e7 c2 47.
Rd8+ 1-0

[Event "20PCR_F"]
[Site "?"]
[Date "2009.??.??"]
[Round "?"]
[White "Fejfar, Vlastimil"]
[Black "Benes, Jiri"]
[Result "1/2-1/2"]
[WhiteElo "2133"]
[BlackElo "2040"]
[PlyCount "53"]
[EventDate "2009.??.??"]
[EventType "corr"]
[EventRounds "1"]
[SourceDate "2010.08.23"]

1. e4 e5 2. Nf3 Nf6 3. d4 Nxe4 4. Bd3 d5 5. Nxe5 Bd6 6. O-O O-O 7. c4 Bxe5 8.
dxe5 Nc6 9. cxd5 Qxd5 10. Qc2 Nb4 11. Bxe4 Nxc2 12. Bxd5 Bf5 13. g4 Bg6 14. f4
c6 15. Bc4 b5 16. f5 bxc4 17. Na3 Nxa1 18. Be3 Rab8 19. fxg6 fxg6 20. Rxa1 Rxb2
21. Nxc4 Rc2 22. Nd6 Re2 23. Bxa7 Rxe5 24. Bb6 Rd5 25. Ne4 Rb8 26. Bc7 Ra8 27.
a3 1/2-1/2

[Event "20PCR_F"]
[Site "?"]
[Date "2009.??.??"]
[Round "?"]
[White "Houdek, Vladimir"]
[Black "Kyzlink, Vladimir"]
[Result "1-0"]
[WhiteElo "2131"]
[BlackElo "2058"]
[PlyCount "67"]
[EventDate "2009.??.??"]
[EventType "corr"]
[EventRounds "1"]
[SourceDate "2010.08.23"]

1. Nf3 c5 2. c4 Nf6 3. Nc3 Nc6 4. d4 cxd4 5. Nxd4 e6 6. a3 Be7 7. e4 O-O 8. Nf3
Qc7 9. Be2 d6 10. O-O b6 11. Bg5 Bb7 12. Rc1 Ne5 13. Nd2 Rfe8 14. Be3 Ng6 15.
f4 Red8 16. Qe1 Qd7 17. Qg3 Rac8 18. Rcd1 Ne8 19. Nb5 Ba6 20. a4 Bh4 21. Qh3
Bf6 22. b3 Qe7 23. Bh5 Nh8 24. Bg4 Ra8 25. f5 e5 26. Nf3 Nc7 27. Nc3 Bb7 28.
Bh5 Rdb8 29. Qg3 Rd8 30. Nd2 Rac8 31. Nd5 Nxd5 32. exd5 Kf8 33. Ne4 h6 34. a5
1-0

[Event "20PCR_F"]
[Site "?"]
[Date "2009.??.??"]
[Round "?"]
[White "Urban, Miroslav"]
[Black "Sindelar, Frantisek"]
[Result "1-0"]
[WhiteElo "2122"]
[BlackElo "2077"]
[PlyCount "69"]
[EventDate "2009.??.??"]
[EventType "corr"]
[EventRounds "1"]
[SourceDate "2010.08.23"]

1. c4 e5 2. Nc3 Nf6 3. Nf3 Nc6 4. e4 Bb4 5. d3 O-O 6. Be2 d6 7. O-O h6 8. a3
Bc5 9. b4 Bb6 10. Be3 Nd4 11. Bxd4 exd4 12. Na4 c5 13. bxc5 dxc5 14. Nxb6 Qxb6
15. Nd2 Rb8 16. f4 Nh7 17. Nf3 Qg6 18. Nh4 Qb6 19. Rb1 Qc7 20. e5 f6 21. Nf3
fxe5 22. Nxe5 Nf6 23. Bf3 Bd7 24. Re1 b6 25. Rb2 Rbe8 26. Rbe2 Re7 27. Nxd7
Rxd7 28. g3 Kh8 29. Re5 Rdf7 30. a4 Qc8 31. Qe2 Qa6 32. Bc6 Qa5 33. Re6 Kg8 34.
g4 Nh7 35. Rf1 1-0

[Event "20PCR_F"]
[Site "?"]
[Date "2009.??.??"]
[Round "?"]
[White "Jurci, Peter"]
[Black "Ryska, Jiri"]
[Result "1-0"]
[WhiteElo "2119"]
[BlackElo "2104"]
[PlyCount "105"]
[EventDate "2009.??.??"]
[EventType "corr"]
[EventRounds "1"]
[SourceDate "2010.08.23"]

1. d4 Nf6 2. c4 e6 3. Nc3 d5 4. Nf3 c6 5. e3 Nbd7 6. Bd3 dxc4 7. Bxc4 b5 8. Bd3
a6 9. e4 c5 10. d5 c4 11. dxe6 fxe6 12. Bc2 Bb7 13. O-O b4 14. Na4 e5 15. Be3
Qa5 16. Ng5 Be7 17. Ne6 Kf7 18. Ng5+ Kg8 19. f4 Rc8 20. Qe2 h6 21. fxe5 Qxe5
22. Rf5 Qb8 23. Ne6 g6 24. Ra5 Bd6 25. Nac5 Rh7 26. Kh1 Rf7 27. Rd1 Nxc5 28.
Nxc5 Bxc5 29. Rxc5 Rxc5 30. Bxc5 Qf4 31. Rf1 Qg4 32. Qxc4 Bxe4 33. Bxe4 Qxe4
34. Qxa6 Kg7 35. a3 bxa3 36. bxa3 Nd5 37. Rxf7+ Kxf7 38. Qb7+ Kf6 39. Qc6+ Qe6
40. Bd4+ Kf7 41. Qxe6+ Kxe6 42. Kg1 Nc7 43. Be3 h5 44. Kf2 Kf5 45. Kf3 Na6 46.
a4 Nb4 47. a5 Ke5 48. Bd2 Na6 49. Bc3+ Ke6 50. Ke4 Kd6 51. Kd4 Nb8 52. Bb4+ Kd7
53. Bd2 1-0

[Event "20PCR_F"]
[Site "?"]
[Date "2009.??.??"]
[Round "?"]
[White "Sindelar, Frantisek"]
[Black "Jurci, Peter"]
[Result "1/2-1/2"]
[WhiteElo "2077"]
[BlackElo "2119"]
[PlyCount "41"]
[EventDate "2009.??.??"]
[EventType "corr"]
[EventRounds "1"]
[SourceDate "2010.08.23"]

1. d4 Nf6 2. c4 g6 3. Nc3 Bg7 4. e4 d6 5. Nf3 O-O 6. Be2 e5 7. O-O Nc6 8. dxe5
dxe5 9. Bg5 Qxd1 10. Raxd1 Bg4 11. h3 Bxf3 12. Bxf3 Nd4 13. Rd2 h6 14. Be3 Rfd8
15. Rfd1 c5 16. Re1 Ne8 17. Nd5 Nd6 18. Bxd4 cxd4 19. c5 Ne8 20. b4 Nf6 21. Nc7
1/2-1/2

[Event "20PCR_F"]
[Site "?"]
[Date "2009.??.??"]
[Round "?"]
[White "Kyzlink, Vladimir"]
[Black "Urban, Miroslav"]
[Result "0-1"]
[WhiteElo "2058"]
[BlackElo "2122"]
[PlyCount "86"]
[EventDate "2009.??.??"]
[EventType "corr"]
[EventRounds "1"]
[SourceDate "2010.08.23"]

1. e4 c5 2. Nf3 d6 3. d4 cxd4 4. Nxd4 Nf6 5. Nc3 a6 6. Bg5 e6 7. f4 Be7 8. Qf3
Qc7 9. O-O-O Nbd7 10. g4 b5 11. Bxf6 gxf6 12. f5 Ne5 13. Qh3 O-O 14. Rg1 Kh8
15. Rg3 Rg8 16. Nce2 exf5 17. exf5 Bb7 18. Bg2 Rg7 19. Bxb7 Qxb7 20. Qh4 b4 21.
h3 a5 22. Kb1 a4 23. Qh6 Nc4 24. Nf4 Bf8 25. Nh5 Rxg4 26. Qxf6+ Bg7 27. Nxg7
Nd2+ 28. Ka1 Ne4 29. Qh6 Rxg3 30. Nh5 a3 31. Nxg3 axb2+ 32. Kxb2 Qa7 33. Nxe4
Qxa2+ 34. Kc1 Qa1+ 35. Kd2 Qxd4+ 36. Ke2 Qxe4+ 37. Qe3 Qxc2+ 38. Rd2 Qxf5 39.
Rxd6 b3 40. Rd2 Rg8 41. Ke1 Qf6 42. Rd1 b2 43. Rb1 Rg2 0-1

[Event "20PCR_F"]
[Site "?"]
[Date "2009.??.??"]
[Round "?"]
[White "Benes, Jiri"]
[Black "Houdek, Vladimir"]
[Result "1/2-1/2"]
[WhiteElo "2040"]
[BlackElo "2131"]
[PlyCount "50"]
[EventDate "2009.??.??"]
[EventType "corr"]
[EventRounds "1"]
[SourceDate "2010.08.23"]

1. e4 e5 2. Nf3 Nc6 3. d4 exd4 4. Nxd4 Nf6 5. Nxc6 bxc6 6. Bd3 d5 7. Nc3 Bb4 8.
exd5 cxd5 9. a3 Bxc3+ 10. bxc3 O-O 11. O-O Re8 12. Re1 Rxe1+ 13. Qxe1 Qd6 14.
Be3 c5 15. f3 Be6 16. Rd1 Qc6 17. Rb1 c4 18. Be2 Qd6 19. Qg3 Qxa3 20. Rb8+ Rxb8
21. Qxb8+ Qf8 22. Qxf8+ Kxf8 23. Bxa7 Bf5 24. Bc5+ Kg8 25. Bd1 Nd7 1/2-1/2

[Event "20PCR_F"]
[Site "?"]
[Date "2009.??.??"]
[Round "?"]
[White "Goc, Pavel"]
[Black "Fejfar, Vlastimil"]
[Result "1/2-1/2"]
[WhiteElo "2012"]
[BlackElo "2133"]
[PlyCount "64"]
[EventDate "2009.??.??"]
[EventType "corr"]
[EventRounds "1"]
[SourceDate "2010.08.23"]

1. d4 d5 2. Nf3 Nf6 3. e3 c5 4. c3 e6 5. Bd3 Be7 6. Nbd2 Nc6 7. O-O O-O 8. dxc5
Bxc5 9. e4 Qc7 10. exd5 exd5 11. Nb3 Bb6 12. Qc2 Re8 13. Bg5 Ne4 14. Rae1 Bf5
15. Be3 Bg6 16. Bxb6 Qxb6 17. Re3 Ne5 18. Nxe5 Rxe5 19. Rfe1 Rae8 20. Nd4 Qf6
21. R3e2 Nc5 22. Bxg6 fxg6 23. Qd1 Rxe2 24. Rxe2 Rxe2 25. Nxe2 Qf5 26. Nf4 Na4
27. Nxd5 Nxb2 28. Qe1 Qd7 29. h3 Nc4 30. Qe4 Nd6 31. Qd4 b6 32. Nf4 Qe7 1/2-1/2

[Event "20PCR_F"]
[Site "?"]
[Date "2009.??.??"]
[Round "?"]
[White "Svoboda, Josef"]
[Black "Trs, Jan"]
[Result "0-1"]
[WhiteElo "1940"]
[BlackElo "2162"]
[PlyCount "36"]
[EventDate "2009.??.??"]
[EventType "corr"]
[EventRounds "1"]
[SourceDate "2010.08.23"]

1. e4 c5 2. Nf3 d6 3. d4 cxd4 4. Nxd4 Nf6 5. Nc3 a6 6. Be2 e5 7. Nb3 Be7 8. Be3
O-O 9. Nd5 Nxd5 10. exd5 f5 11. g3 Nd7 12. O-O f4 13. gxf4 exf4 14. Bd4 Ne5 15.
Nd2 Bh3 16. Re1 Rf6 17. Bf1 Bxf1 18. Nxf1 Qd7 0-1

[Event "20PCR_F"]
[Site "?"]
[Date "2009.??.??"]
[Round "?"]
[White "Slavik, Miroslav"]
[Black "Chvojka, Jaroslav"]
[Result "0-1"]
[WhiteElo "2274"]
[BlackElo "2231"]
[PlyCount "112"]
[EventDate "2009.??.??"]
[EventType "corr"]
[EventRounds "1"]
[SourceDate "2010.08.23"]

1. d4 Nf6 2. c4 c5 3. d5 d6 4. Nc3 Bf5 5. Nf3 g6 6. Nd2 Qa5 7. e4 Bxe4 8. Qb3
Na6 9. Ncxe4 Nxe4 10. Bd3 Nxd2 11. Bxd2 Qc7 12. Qc3 Rg8 13. O-O Bg7 14. Qa3 Nb4
15. Be2 Kf8 16. Qb3 Na6 17. Rab1 Bf6 18. Bh6+ Bg7 19. Bf4 Bf6 20. Qh3 Kg7 21.
Rfe1 Rge8 22. a3 Nb8 23. Bg4 h5 24. Bd1 Nd7 25. Ba4 Red8 26. Bc2 Ne5 27. b3
Rab8 28. Bd2 b5 29. cxb5 Rxb5 30. Rbc1 Rc8 31. Qe3 Qb7 32. a4 Rb6 33. Ba5 Ra6
34. Bc3 c4 35. b4 Nd3 36. Bxf6+ exf6 37. b5 Ra5 38. Bxd3 cxd3 39. Rc6 Rxa4 40.
Qxd3 Re8 41. Rec1 Ree4 42. Rxd6 Qe7 43. Ra6 Rad4 44. Qf1 Rd2 45. Raa1 Rxd5 46.
Re1 Rxe1 47. Rxe1 Qc5 48. Rb1 Rf5 49. Qe2 Qb6 50. Qf1 h4 51. h3 g5 52. Qe2 a6
53. Qc2 Rxb5 54. Rf1 Rb2 55. Qd3 a5 56. Qc4 Rb4 0-1

[Event "20PCR_F"]
[Site "?"]
[Date "2009.??.??"]
[Round "?"]
[White "Trs, Jan"]
[Black "Slavik, Miroslav"]
[Result "1-0"]
[WhiteElo "2162"]
[BlackElo "2274"]
[PlyCount "97"]
[EventDate "2009.??.??"]
[EventType "corr"]
[EventRounds "1"]
[SourceDate "2010.08.23"]

1. e4 c6 2. d4 d5 3. Nc3 dxe4 4. Nxe4 Nd7 5. Bc4 Ngf6 6. Ng5 e6 7. Qe2 Nb6 8.
Bd3 Qxd4 9. N1f3 Qd5 10. O-O h6 11. c4 Qd8 12. Ne4 Qc7 13. Nxf6+ gxf6 14. a4 e5
15. a5 Nd7 16. Rd1 Nc5 17. Bc2 Be6 18. Be3 Rg8 19. Kh1 Na6 20. Nh4 Qc8 21. f3
h5 22. b3 f5 23. Bf2 Bg7 24. Qd2 f4 25. Bh7 Rh8 26. Qc2 Qc7 27. Be4 Bf8 28. c5
Nb4 29. Qd2 Nd5 30. a6 Rg8 31. Nf5 bxa6 32. Rxa6 Qc8 33. Qd3 Rg5 34. Bxd5 Bxd5
35. Nd6+ Bxd6 36. cxd6 Qe6 37. b4 Qxd6 38. b5 Qg6 39. Qc3 Qe6 40. bxc6 f6 41.
Qa3 Bxc6 42. Rc1 Rc8 43. Raxc6 Qxc6 44. Rxc6 Rxc6 45. Qa4 Kd7 46. h4 Rg8 47.
Qxa7+ Rc7 48. Qb6 Rc6 49. Qb7+ 1-0

[Event "20PCR_F"]
[Site "?"]
[Date "2009.??.??"]
[Round "?"]
[White "Fejfar, Vlastimil"]
[Black "Svoboda, Josef"]
[Result "1-0"]
[WhiteElo "2133"]
[BlackElo "1940"]
[PlyCount "39"]
[EventDate "2009.??.??"]
[EventType "corr"]
[EventRounds "1"]
[SourceDate "2010.08.23"]

1. e4 e5 2. Nf3 Nf6 3. d4 Nxe4 4. Bd3 d5 5. Nxe5 Nd7 6. Nxd7 Bxd7 7. O-O Qh4 8.
c4 Qf6 9. cxd5 Nd6 10. Re1+ Be7 11. Re5 h6 12. Qe2 a6 13. Nc3 Kf8 14. Bd2 Re8
15. Re1 Bd8 16. Qd1 Be7 17. Na4 Bc8 18. Qc2 Bd8 19. Bb4 Bd7 20. Nc5 1-0

[Event "20PCR_F"]
[Site "?"]
[Date "2009.??.??"]
[Round "?"]
[White "Houdek, Vladimir"]
[Black "Goc, Pavel"]
[Result "1/2-1/2"]
[WhiteElo "2131"]
[BlackElo "2012"]
[PlyCount "35"]
[EventDate "2009.??.??"]
[EventType "corr"]
[EventRounds "1"]
[SourceDate "2010.08.23"]

1. Nf3 d5 2. b3 c5 3. e3 Nf6 4. Bb2 e6 5. c4 Nc6 6. cxd5 exd5 7. Be2 Bd6 8. d4
O-O 9. dxc5 Bxc5 10. O-O Be6 11. Nc3 Qe7 12. Nb5 Ne4 13. Nbd4 Rac8 14. Rc1 Nb4
15. Ra1 Nc6 16. Rc1 Nb4 17. Ra1 Nc6 18. Rc1 1/2-1/2

[Event "20PCR_F"]
[Site "?"]
[Date "2009.??.??"]
[Round "?"]
[White "Urban, Miroslav"]
[Black "Benes, Jiri"]
[Result "1-0"]
[WhiteElo "2122"]
[BlackElo "2040"]
[PlyCount "117"]
[EventDate "2009.??.??"]
[EventType "corr"]
[EventRounds "1"]
[SourceDate "2010.08.23"]

1. c4 Nf6 2. d4 c5 3. d5 d6 4. Nf3 g6 5. Nc3 Bg7 6. e4 Qa5 7. Bd2 Bg4 8. Be2
Nbd7 9. h3 Bxf3 10. Bxf3 Qc7 11. O-O Rd8 12. a3 O-O 13. Qc2 a6 14. Be2 Ne8 15.
Rad1 Rb8 16. Rfe1 Bd4 17. Bh6 Ng7 18. Bg5 f6 19. Bc1 Qb6 20. Bf1 Rbe8 21. b4 f5
22. Bb2 e5 23. dxe6 Nxe6 24. Nd5 Qd8 25. exf5 Rxf5 26. Bxd4 Nxd4 27. Rxe8+ Qxe8
28. Qb2 Qe5 29. Kh1 b6 30. f4 Qe8 31. Bd3 Rf7 32. Nxb6 Rxf4 33. Nxd7 Qxd7 34.
bxc5 dxc5 35. Qb8+ Rf8 36. Qe5 Rc8 37. Be4 Qg7 38. Qd5+ Qf7 39. Rf1 Qxd5 40.
Bxd5+ Kh8 41. Rf6 a5 42. Ra6 Nb3 43. g4 Kg7 44. g5 Rc7 45. Kg2 Re7 46. h4 h6
47. Kg3 hxg5 48. hxg5 Re5 49. Kf4 Rf5+ 50. Kg4 Rf1 51. Be4 Nd2 52. Rxg6+ Kf7
53. Bd3 Rc1 54. Rc6 Nxc4 55. Kf4 Kf8 56. g6 a4 57. Re6 Kg7 58. Kg5 Rg1+ 59. Kf5
1-0

[Event "20PCR_F"]
[Site "?"]
[Date "2009.??.??"]
[Round "?"]
[White "Jurci, Peter"]
[Black "Kyzlink, Vladimir"]
[Result "1-0"]
[WhiteElo "2119"]
[BlackElo "2058"]
[PlyCount "67"]
[EventDate "2009.??.??"]
[EventType "corr"]
[EventRounds "1"]
[SourceDate "2010.08.23"]

1. d4 Nf6 2. c4 c5 3. d5 e6 4. Nc3 exd5 5. cxd5 d6 6. e4 g6 7. Nf3 Bg7 8. Be2
O-O 9. O-O a6 10. a4 Nbd7 11. Bf4 Qe7 12. Nd2 Ne5 13. Bg3 g5 14. a5 Rb8 15. Re1
Re8 16. Qb3 Nfd7 17. Nf1 b6 18. axb6 Rxb6 19. Qc2 Qf8 20. Ne3 Nb8 21. Reb1 Nbd7
22. Ra3 Bb7 23. Nf5 Bf6 24. f4 Ng6 25. fxg5 Be5 26. Nh6+ Kh8 27. Rf1 Re7 28.
Bxe5+ Ngxe5 29. Nd1 f6 30. gxf6 Nxf6 31. Ng4 Rf7 32. Nxe5 dxe5 33. Raf3 Qh6 34.
Ne3 1-0

[Event "20PCR_F"]
[Site "?"]
[Date "2009.??.??"]
[Round "?"]
[White "Ryska, Jiri"]
[Black "Sindelar, Frantisek"]
[Result "1/2-1/2"]
[WhiteElo "2104"]
[BlackElo "2077"]
[PlyCount "46"]
[EventDate "2009.??.??"]
[EventType "corr"]
[EventRounds "1"]
[SourceDate "2010.08.23"]

1. c4 e5 2. Nc3 Nf6 3. Nf3 Nc6 4. a3 g6 5. e3 Bg7 6. d4 exd4 7. exd4 d5 8. Bg5
dxc4 9. Bxc4 O-O 10. O-O h6 11. Be3 Re8 12. Qb3 Qe7 13. Rfe1 Na5 14. Qa2 Nxc4
15. Bxh6 Be6 16. Bxg7 Kxg7 17. d5 Nd2 18. Nxd2 Nxd5 19. Nxd5 Qd6 20. Rxe6 fxe6
21. Nf6 Qxd2 22. Nxe8+ Rxe8 23. Qb3 Rf8 1/2-1/2

[Event "20PCR_F"]
[Site "?"]
[Date "2009.??.??"]
[Round "?"]
[White "Kyzlink, Vladimir"]
[Black "Ryska, Jiri"]
[Result "0-1"]
[WhiteElo "2058"]
[BlackElo "2104"]
[PlyCount "72"]
[EventDate "2009.??.??"]
[EventType "corr"]
[EventRounds "1"]
[SourceDate "2010.08.23"]

1. e4 e6 2. d4 d5 3. Nc3 Nf6 4. Bg5 Bb4 5. exd5 Qxd5 6. Bxf6 Bxc3+ 7. bxc3 gxf6
8. Qd2 Bd7 9. f3 Nc6 10. Bd3 Qd6 11. Rb1 O-O-O 12. Ne2 e5 13. Qc1 h5 14. Qb2 b6
15. O-O h4 16. Rfd1 Rhg8 17. Kh1 f5 18. dxe5 Qg6 19. Nf4 Qg5 20. Qc1 Nxe5 21.
Rg1 Bc6 22. Be2 Bb7 23. a4 a5 24. h3 Rde8 25. c4 Nd7 26. Bd3 Nc5 27. Nd5 Nxa4
28. Qxg5 Rxg5 29. f4 Rg3 30. Bxf5+ Kb8 31. Rbe1 Rd8 32. Nf6 Nc3 33. Nh5 Rxg2
34. Rxg2 Rd2 35. Re8+ Ka7 36. Reg8 a4 0-1

[Event "20PCR_F"]
[Site "?"]
[Date "2009.??.??"]
[Round "?"]
[White "Benes, Jiri"]
[Black "Jurci, Peter"]
[Result "1/2-1/2"]
[WhiteElo "2040"]
[BlackElo "2119"]
[PlyCount "99"]
[EventDate "2009.??.??"]
[EventType "corr"]
[EventRounds "1"]
[SourceDate "2010.08.23"]

1. e4 e6 2. d4 d5 3. exd5 exd5 4. Nf3 Bd6 5. Nc3 c6 6. h3 Bf5 7. Bd3 Bxd3 8.
Qxd3 Nf6 9. O-O O-O 10. Nh4 Re8 11. Nf5 Qc7 12. Bd2 Nbd7 13. Rfe1 Bf8 14. a4 a5
15. Rac1 Re6 16. Rxe6 fxe6 17. Nh4 e5 18. Qg3 g6 19. Nf5 Qb8 20. Re1 Kh8 21.
dxe5 gxf5 22. exf6 Qxg3 23. fxg3 Nxf6 24. Re5 Ne4 25. Nxe4 fxe4 26. Kf2 Bg7 27.
Re7 b5 28. b3 Kg8 29. Rc7 bxa4 30. bxa4 Ra6 31. g4 d4 32. Ke2 Bf8 33. Rb7 c5
34. Rb5 Kf7 35. Rxa5 Rxa5 36. Bxa5 c4 37. Bb6 d3+ 38. Ke1 Ke6 39. Be3 Bb4+ 40.
Kd1 Kd5 41. h4 Bc3 42. Bb6 Be5 43. a5 Bf4 44. a6 Kc6 45. a7 Kb7 46. g5 e3 47.
cxd3 cxd3 48. Bc5 e2+ 49. Ke1 Be5 50. Be3 1/2-1/2

[Event "20PCR_F"]
[Site "?"]
[Date "2009.??.??"]
[Round "?"]
[White "Goc, Pavel"]
[Black "Urban, Miroslav"]
[Result "0-1"]
[WhiteElo "2012"]
[BlackElo "2122"]
[PlyCount "78"]
[EventDate "2009.??.??"]
[EventType "corr"]
[EventRounds "1"]
[SourceDate "2010.08.23"]

1. d4 d5 2. Nf3 Nf6 3. e3 c6 4. Bd3 Bg4 5. h3 Bh5 6. Nbd2 Nbd7 7. g4 Bg6 8.
Bxg6 hxg6 9. g5 Ne4 10. Nxe4 dxe4 11. Nd2 Rh4 12. f4 exf3 13. Nxf3 Rh5 14. e4
e5 15. dxe5 Qa5+ 16. Qd2 Bb4 17. c3 Be7 18. e6 fxe6 19. b4 Ne5 20. Nd4 Qb6 21.
Qc2 Bxb4 22. Be3 O-O-O 23. Qb3 Nf3+ 24. Kf2 Nxd4 25. cxd4 Rf8+ 26. Kg2 Qa6 27.
Qxe6+ Kc7 28. Rhe1 Qd3 29. Rab1 Qc2+ 30. Kh1 Rfh8 31. Bf4+ Kd8 32. Kg1 Rxh3 33.
Qxh3 Rxh3 34. Rxb4 Qc3 35. Reb1 Qf3 36. Bh2 Rh4 37. Rxb7 Rg4+ 38. Bg3 Rxg3+ 39.
Kh2 Qg2# 0-1

[Event "20PCR_F"]
[Site "?"]
[Date "2009.??.??"]
[Round "?"]
[White "Svoboda, Josef"]
[Black "Houdek, Vladimir"]
[Result "0-1"]
[WhiteElo "1940"]
[BlackElo "2131"]
[PlyCount "74"]
[EventDate "2009.??.??"]
[EventType "corr"]
[EventRounds "1"]
[SourceDate "2010.08.23"]

1. e4 e5 2. Nf3 Nc6 3. Bb5 a6 4. Ba4 Nf6 5. O-O Be7 6. Re1 b5 7. Bb3 d6 8. c3
O-O 9. h3 h6 10. d4 Re8 11. Nbd2 Bf8 12. Nf1 Bd7 13. Ng3 Na5 14. Bc2 c5 15. d5
g6 16. Nf1 Bg7 17. Ne3 Nh5 18. Bd2 Nf4 19. a4 c4 20. axb5 axb5 21. Nf1 Qf6 22.
Ne3 Qe7 23. Ng4 g5 24. Be3 Nb7 25. Qd2 h5 26. Ngh2 g4 27. hxg4 hxg4 28. Rxa8
Rxa8 29. Bxf4 exf4 30. Nd4 Be5 31. Nc6 Qh4 32. Nxe5 dxe5 33. Nf1 Kg7 34. g3 Qh6
35. Nh2 Rh8 36. f3 Qb6+ 37. Kg2 gxf3+ 0-1

[Event "20PCR_F"]
[Site "?"]
[Date "2009.??.??"]
[Round "?"]
[White "Slavik, Miroslav"]
[Black "Fejfar, Vlastimil"]
[Result "1-0"]
[WhiteElo "2274"]
[BlackElo "2133"]
[PlyCount "87"]
[EventDate "2009.??.??"]
[EventType "corr"]
[EventRounds "1"]
[SourceDate "2010.08.23"]

1. d4 Nf6 2. c4 e6 3. Nf3 d5 4. e3 Be7 5. Nc3 O-O 6. Qc2 c5 7. dxc5 Na6 8. cxd5
Nb4 9. Qb3 Nbxd5 10. Bd2 Bxc5 11. Be2 b6 12. Nxd5 Nxd5 13. Rc1 Qe7 14. O-O Bb7
15. e4 Nf6 16. e5 Ne4 17. Be3 Rad8 18. Bc4 Rd7 19. a3 Bd5 20. Rfd1 Rfd8 21.
Bxd5 exd5 22. Bd4 Qe6 23. Qd3 Re8 24. Bxc5 Nxc5 25. Qb5 a6 26. Qf1 Ra7 27. b4
Na4 28. Rc2 b5 29. Nd4 Qd7 30. f4 Rc8 31. Qf3 Rac7 32. Rxc7 Qxc7 33. Nf5 Nb6
34. Qg3 g6 35. Qg5 Qc2 36. Ne7+ Kf8 37. Rf1 Re8 38. f5 Rxe7 39. Qf6 Rc7 40.
fxg6 Qxg6 41. Qd8+ Kg7 42. Qxc7 Nc4 43. Qe7 d4 44. Rf4 1-0

[Event "20PCR_F"]
[Site "?"]
[Date "2009.??.??"]
[Round "?"]
[White "Chvojka, Jaroslav"]
[Black "Trs, Jan"]
[Result "1-0"]
[WhiteElo "2231"]
[BlackElo "2162"]
[PlyCount "147"]
[EventDate "2009.??.??"]
[EventType "corr"]
[EventRounds "1"]
[SourceDate "2010.08.23"]

1. d4 Nf6 2. c4 g6 3. Nc3 d5 4. cxd5 Nxd5 5. Nf3 Bg7 6. e4 Nxc3 7. bxc3 c5 8.
Be2 Nc6 9. d5 Bxc3+ 10. Bd2 Bxa1 11. Qxa1 Nd4 12. Nxd4 cxd4 13. Qxd4 O-O 14.
O-O Qb6 15. Qc3 Qf6 16. e5 Qh4 17. d6 exd6 18. exd6 Be6 19. g3 Qh3 20. Re1 Rac8
21. Qd4 Rfd8 22. a4 Rc2 23. Bg5 Rdc8 24. Bf1 Qg4 25. Qf6 Qf5 26. Rxe6 fxe6 27.
d7 Rf8 28. d8=Q Qxf6 29. Qxf6 Rxf6 30. Bxf6 Kf7 31. Bd4 Ra2 32. Bxa7 Rxa4 33.
Be3 e5 34. Bd3 Ke6 35. Kf1 Kd5 36. Ke2 e4 37. Bc2 Ra3 38. Kd2 Ke5 39. Kc1 Ra8
40. h4 Rf8 41. Kb2 h6 42. Ba4 g5 43. hxg5 hxg5 44. Kb3 Rf7 45. Kc4 g4 46. Kb5
Rg7 47. Bb3 Rd7 48. Bf4+ Kf5 49. Bg8 Rd4 50. Bh7+ Ke6 51. Kb6 Rb4+ 52. Kc5 Ra4
53. Bd2 Ke5 54. Bc3+ Ke6 55. Bg8+ Kd7 56. Bd5 Ra3 57. Kb4 Ra6 58. Bxe4 Ke6 59.
Kb5 Ra2 60. Bd4 Rd2 61. Be3 Rb2+ 62. Kc4 b5+ 63. Kc5 b4 64. Kc4 b3 65. Kd4 Ra2
66. Bd5+ Kf6 67. Bxb3 Ra3 68. Bc2 Ra2 69. Bd3 Ra8 70. Kd5 Rd8+ 71. Ke4 Kg6 72.
Be2 Kh5 73. Bb5 Rg8 74. Ke5 1-0

[Event "20PCR_F"]
[Site "?"]
[Date "2009.??.??"]
[Round "?"]
[White "Fejfar, Vlastimil"]
[Black "Chvojka, Jaroslav"]
[Result "0-1"]
[WhiteElo "2133"]
[BlackElo "2231"]
[PlyCount "82"]
[EventDate "2009.??.??"]
[EventType "corr"]
[EventRounds "1"]
[SourceDate "2010.08.23"]

1. e4 e5 2. Nf3 Nc6 3. Bb5 Bc5 4. c3 Nf6 5. O-O O-O 6. d4 Bb6 7. Bg5 d6 8. Qd3
h6 9. Bh4 g5 10. Bg3 g4 11. Bxc6 bxc6 12. dxe5 gxf3 13. exf6 fxg2 14. Kxg2 Qxf6
15. Nd2 Kh8 16. Rg1 Rg8 17. Qf3 Qg5 18. Kh1 Bg4 19. Qf4 Qxf4 20. Bxf4 Bxf2 21.
Rg2 Bb6 22. Bxh6 Bh3 23. Rg3 Rxg3 24. hxg3 Kh7 25. Kh2 Be6 26. Bf4 Kg6 27. Kg2
Re8 28. a4 a5 29. b4 f5 30. bxa5 Bxa5 31. exf5+ Kxf5 32. Ra3 c5 33. Kf2 c4 34.
Ke2 Bf7+ 35. Kd1 d5 36. Nf1 Bh5+ 37. Kc2 Re1 38. Nd2 Kg4 39. Kb2 Bg6 40. Ra2 c5
41. Ra3 Bd3 0-1

[Event "20PCR_F"]
[Site "?"]
[Date "2009.??.??"]
[Round "?"]
[White "Houdek, Vladimir"]
[Black "Slavik, Miroslav"]
[Result "1/2-1/2"]
[WhiteElo "2131"]
[BlackElo "2274"]
[PlyCount "52"]
[EventDate "2009.??.??"]
[EventType "corr"]
[EventRounds "1"]
[SourceDate "2010.08.23"]

1. Nf3 d5 2. b3 Nf6 3. Bb2 e6 4. e3 Bd6 5. d4 O-O 6. Bd3 Ne4 7. c4 f5 8. Nc3 c6
9. Qc2 Nd7 10. O-O-O b5 11. cxb5 Bb7 12. bxc6 Bxc6 13. Kb1 Rc8 14. Ba6 Rc7 15.
Qe2 Bb7 16. Bxb7 Rxb7 17. Rc1 Qe7 18. Ne5 Nxe5 19. Nxe4 Nd3 20. Nf6+ gxf6 21.
Qxd3 a5 22. a4 Rfb8 23. Rc3 Bb4 24. Rc2 Qg7 25. g3 Bf8 26. Rc3 Bb4 1/2-1/2

[Event "20PCR_F"]
[Site "?"]
[Date "2009.??.??"]
[Round "?"]
[White "Urban, Miroslav"]
[Black "Svoboda, Josef"]
[Result "1-0"]
[WhiteElo "2122"]
[BlackElo "1940"]
[PlyCount "51"]
[EventDate "2009.??.??"]
[EventType "corr"]
[EventRounds "1"]
[SourceDate "2010.08.23"]

1. c4 Nf6 2. d4 e6 3. Nc3 Bb4 4. Qc2 O-O 5. a3 Bxc3+ 6. Qxc3 Ne4 7. Qc2 d5 8.
e3 c6 9. Nf3 Nd7 10. b3 Ndf6 11. Bd3 g6 12. O-O b6 13. Ne5 Bb7 14. a4 Rc8 15.
Bb2 c5 16. f3 Nd6 17. Qc3 dxc4 18. bxc4 cxd4 19. Qxd4 Nf5 20. Bxf5 Qxd4 21.
Bxd4 exf5 22. a5 bxa5 23. Rxa5 a6 24. Rb1 Ba8 25. Rb6 Nh5 26. Rbxa6 1-0